• 首页
  • 本馆介绍
  • 公告通知
  • 最新文献
  • 馆藏检索
  • 电子资源
  • 读者导购
  • 参考咨询
  • 我的图书馆
  • 登录
  • 详细信息显示
  • 放入我的书架
  • 预约/预借图书
  • 作者相关作品
  • 分类相关作品
  • 丛书相关作品
  • 出版社相关作品

书目信息

  • 表格格式
  • 工作单格式
  • 卡片格式
题名:
旅游规划环境影响评价
    
 
作者: 符国基 , 邹伟 著
分册:  
出版信息: 北京   科学出版社  2012
页数: 279页
开本: 26cm
丛书名:
单 册:
中图分类: F592.766.3 , X820.3
科图分类:
主题词: 环境影响 , 地方旅游业 , 旅游规划 , 地方旅游业--旅游规划--环境影响--评价--三亚市
电子资源:
ISBN: 978-7-03-034819-7
000 01599nam0 2200325 45
001 1355754530
005 20130515145454.20
010    @a978-7-03-034819-7@dCNY58.00
100    @a20130108d2012 em y0chiy50 ea
101 0  @achi
102    @aCN@b110000
105    @aak z 000yy
106    @ar
200 1  @a旅游规划环境影响评价@ALu^ You Gui Hua Huan Jing Ying Xiang Ping Jia@e以海南省南丽湖风景名胜区为例@EYi Hai Nan Sheng Nan Li Hu Feng Jing Ming Sheng Qu Wei Li@f符国基,邹伟著@FFu Guo Ji, Zou Wei Zhu
210    @a北京@c科学出版社@d2012
215    @a279页@c图@d26cm
300    @a国家软科学研究计划项目 海南省自然科学基金项目 “海南大学211建设工程”“海南特区体制机制创新研究”项目联合资助
330    @a本书综合运用了宏观与微观、定性与定量相结合的方法,开展了规划概述及其相容性分析等8项专题研究,将公众参与贯穿于规划环境影响评价全过程,以旅游环境容量和生态敏感性分析结果作为约束条件,揭示了规划实施可能出现的环境问题与原因,明确了规划实施对环境的影响范围和影响程度,提出了规划调整与环境影响减缓措施建议。将环境因素系统地纳入南丽湖风景名胜区建设发展的综合决策中,为南丽湖风景名胜区可持续发展提供了科学依据。
517 1  @a以海南省南丽湖风景名胜区为例@AYi Hai Nan Sheng Nan Li Hu Feng Jing Ming Sheng Qu Wei Li
606 0  @a环境影响
606 0  @a地方旅游业
606 0  @a旅游规划
606 0  @a地方旅游业@x旅游规划@x环境影响@x评价@y三亚市
610 0  @a南丽湖风景名胜区
690    @aF592.766.3@v5
690    @aX820.3@v5
701  0 @a符国基@AFu Guo Ji@f(1957~)@4著
701  0 @a邹伟@AZou Wei@4著
801    @aCN@bTANGWEI@c20130112
905    @b0832454-58@dF592.766.3@e365@f5
    
    旅游规划环境影响评价:以海南省南丽湖风景名胜区为例/符国基,邹伟著.-北京:科学出版社,2012
    279页:图;26cm
    国家软科学研究计划项目 海南省自然科学基金项目 “海南大学211建设工程”“海南特区体制机制创新研究”项目联合资助
    
    ISBN 978-7-03-034819-7:CNY58.00
    本书综合运用了宏观与微观、定性与定量相结合的方法,开展了规划概述及其相容性分析等8项专题研究,将公众参与贯穿于规划环境影响评价全过程,以旅游环境容量和生态敏感性分析结果作为约束条件,揭示了规划实施可能出现的环境问题与原因,明确了规划实施对环境的影响范围和影响程度,提出了规划调整与环境影响减缓措施建议。将环境因素系统地纳入南丽湖风景名胜区建设发展的综合决策中,为南丽湖风景名胜区可持续发展提供了科学依据。
●
相关链接 在E读中查询图书 在五车中查询图书 在当当中查询图书 在豆瓣中查询图书


正题名:旅游规划环境影响评价     索取号:F592.766.3/365         预约/预借

序号 登录号 条形码 馆藏地/架位号 状态 备注
1 0832454   208324543   第一样本阅览室/ [索取号:F592.766.3/365] 在馆    
2 0832455   208324552   第一借阅区/ [索取号:F592.766.3/365] 在馆    
3 0832456   208324561   第一借阅区/ [索取号:F592.766.3/365] 在馆    
4 0832457   208324570   资源管理系资料室/ [索取号:F592.766.3/365] 在馆    
5 0832458   208324589   第一借阅区/ [索取号:F592.766.3/365] 在馆    
唐山师范学院图书馆 欢迎您!
大连网信软件有限公司© 版权所有